000 00756nam a2200217Ii 4500
003 JO-AjNU
008 230605s9999||||xx |||||||||||||| ||und||
017 _a86/2520
040 _aJO-AjNU
_bara
_erda
_cJO-AjNU
041 _aara
050 1 4 _aH62.H3568.1986
100 3 _aفاطمة ابراهيم حميدة,
_eauthor
_916544
245 0 0 _aمهارات واساليب القاء الاسئلة في تدريس المواد الاجتماعية
250 _aط1
264 3 1 _aالقاهرة:مكتبة النهضة المصرية،1986
300 _a176ص
336 _atext
_btxt
_2rdacontent
337 _aunmediated
_bn
_2rdamedia
338 _avolume
_bnc
_2rdacarrier
650 4 _aالعلوم الاجتماعية-دراسة وتعليم
_916545
999 _aA4929
_c8497
_d8497